Vplyv inovácií v cestovnom ruchu na ekonomický rast regiónov

Osobitosti inovácií v sektore cestovného ruchu. Meranie inovácií v regiónoch cestovného ruchu. Ekonomický rast a inovačná výkonnosť regiónu. Región cestovného ruchu ako predmet skúmania. Inovačná výkonnosť regiónov. Výsledky analýzy vplyvu inovácií v cestovnom ruchu na ekonomický rast regiónov.

Gespeichert in:
Bibliographische Detailangaben
1. Verfasser: Lencsésová, Zuzana
Format: Buchkapitel
Sprache:Slowakisch
Schlagworte:
Tags: Tag hinzufügen
Keine Tags, Fügen Sie das erste Tag hinzu!

MARC

LEADER 00000naa a2200000 4500
001 0230458
005 20231127125016.8
041 0 |a slo 
044 |a CZ 
245 1 0 |a Vplyv inovácií v cestovnom ruchu na ekonomický rast regiónov  |c Zuzana Lencsésová 
520 |a Osobitosti inovácií v sektore cestovného ruchu. Meranie inovácií v regiónoch cestovného ruchu. Ekonomický rast a inovačná výkonnosť regiónu. Región cestovného ruchu ako predmet skúmania. Inovačná výkonnosť regiónov. Výsledky analýzy vplyvu inovácií v cestovnom ruchu na ekonomický rast regiónov. 
610 2 0 |a regióny 
610 2 0 |a kraje 
610 2 0 |a ruch cestovný 
610 2 0 |a inovácia 
610 2 0 |a výkonnosť inovačná 
610 2 0 |a rast hospodársky 
610 2 0 |a konkurencieschopnosť 
610 2 0 |a Slovensko 
100 1 |a Lencsésová, Zuzana